000 00983nam a22002651u 4500
001 12199
003 HDC
007 cr bn ---
008 210209p2002 my eng
040 _aHDC
100 _aOng, Kok Seng,
_eauthor
_912657
245 0 _aDesign and performance of a dehumidifier dryer and a solar-assisted dehumidifier dryer for flower drying /
_cby Ong Kok Seng and Ooi Ho Seng
260 _aSerdang :
_bMalaysian Agricultural Research and Development Institute (MARDI),
_c2002
300 _a1 page
336 _atext
_2rdacontent
337 _acomputer
_2rdamedia
338 _aonline resource
_2rdacarrier
650 _aDehumidifier drying
_912660
650 _aFlower drying
_912658
650 _aSolar drying
_912659
856 _zRequest full-text at [email protected]
942 _2lcc
942 _cAR
942 _kJART 003039
999 _c9522
_d9522